| 000 | 01316cam a22003254a 4500 | ||
|---|---|---|---|
| 999 |
_c6257 _d6257 |
||
| 001 | 12427684 | ||
| 003 | GZU | ||
| 005 | 20210421084742.0 | ||
| 008 | 010531s2002 nyua b 001 0 eng | ||
| 010 | _a 2001026753 | ||
| 020 | _a0471000604 (pbk. : alk. paper) | ||
| 020 | _a9812530320 | ||
| 040 |
_aDLC _cDLC _dDLC |
||
| 042 | _apcc | ||
| 050 | 0 | 0 |
_aTS155 _b.MER 2002 |
| 100 | 1 |
_aMeredith, Jack R. _eauthor |
|
| 245 | 1 | 0 |
_aOperations management for MBAs / _cJack R. Meredith, Scott M. Shafer. |
| 250 | _a2nd ed. | ||
| 260 |
_aNew York, NY : _bWiley, _cc2002. |
||
| 300 |
_axiii, 406 p. : _bill. ; _c26 cm. |
||
| 504 | _aIncludes bibliographical references and index. | ||
| 650 | 0 | _aProduction management. | |
| 700 | 1 |
_aShafer, Scott M. _eauthor |
|
| 856 | 4 | 2 |
_3Publisher description _uhttp://www.loc.gov/catdir/description/wiley036/2001026753.html |
| 856 | 4 | 1 |
_3Table of contents only _uhttp://www.loc.gov/catdir/toc/wiley021/2001026753.html |
| 856 | 4 | 2 |
_3Contributor biographical information _uhttp://www.loc.gov/catdir/enhancements/fy0630/2001026753-b.html |
| 906 |
_a7 _bcbc _corignew _d1 _eocip _f19 _gy-gencatlg |
||
| 942 |
_2lcc _cBK _e2nd edition _h155 _iMER _kTS |
||